QUEST Central Library Banner

Practical Handbook of RCC Design (Record no. 9156)

MARC details
000 -LEADER
fixed length control field 00238nam a2200109 4500
082 ## - DEWEY DECIMAL CLASSIFICATION NUMBER
Classification number PUR
100 ## - MAIN ENTRY--AUTHOR NAME
Personal name Puri, LD
245 ## - TITLE STATEMENT
Title Practical Handbook of RCC Design
260 ## - PUBLICATION, DISTRIBUTION, ETC. (IMPRINT)
Place of publication India:
Name of publisher Satya Prakashan,
Year of publication 1995.
300 ## - PHYSICAL DESCRIPTION
Number of Pages 348p. ;
942 ## - ADDED ENTRY ELEMENTS (KOHA)
Koha item type Books
Holdings
Withdrawn status Lost status Collection code Home library Current library Date acquired Cost, normal purchase price Full call number Accession Number Koha item type
    Reference Reference Section Reference Section 26/08/2014 105.00 PUR (Shelf - 73B) 19623 Books

Copyright © 2018,The QUEST, Nawabshah, Shaheed Benazirabad. All rights reserved
Mr. G. Farooq Channar (Librarian) QUEST, Nawabshah, Sindh, Pakistan 67480.
 Ph#: |   0244-9370381-4 Ext. 2308   Email| lib@quest.edu.pk   Web|  http://www.quest.edu.pk